000 01059nam a2200265 i 4500
001 123695
003 ES-MaACL
005 20251219203804.0
007 t|
008 070214s1903 sp |||| | spa d
100 0 _aRamón Llull,
_cBeato,
_dca. 1232-1316?
_995219
245 1 0 _aFelix de les maravelles del mon /
_ctexto original publicado e ilustrado con notas y variantes por Jerónimo Rosselló ; y un proemio bibliografico por M. Obrador y Benassar.
260 _aPalma de Mallorca :
_b[s. n.],
_c1903.
300 _a2 t. en 1 v. ;
_c24 x 16 cm.
490 1 _aObras de Ramón Lull ;
_v3-4
500 _aTexto en catalán, introducción y notas en castellano.
530 _aDisponible en formato digital.
700 1 _aRosselló, Geróni,
_d1827-1902
_999842
700 1 _aObrador, Mateu.
_9140298
830 0 _aObras de Ramón Lull ;
_v3-4
_9218958
852 _aES-MaACL
_jF-986
_cDEPO2
856 4 _uhttps://archive.org/details/obrasderamnlull00rossgoog/page/n10
_y(Internet Archive)
942 _2udc
999 _c123695
_d123695